000 00586nam a2200229Ia 4500
005 20260430150724.0
008 008 250103s9999 xx 000 0 eng d
037 _aTheses
040 _aCRL
040 _beng
040 _ceng
041 _2eng
041 _aeng
084 _qCRL
100 _aAli Mohammad Meharban Au.; Asghar Mahmood Gu.
_91238302
245 0 _aAl-sehrai fi riwayat Ibraheem Al-koofi
260 _c2024
300 _a289p.
700 _aUniversity of Delhi. Faculty of Arts. Department of Arabic
_9522990
942 _cTH
999 _c1850472
_d1850472